Documento 127 /

Saved in:
Bibliographic Details
Main Author: Coccioli, Carlo, (1920-2003) (Author)
Format: Book
Language:Italian
Published: Firenze : Club degli autori, stampa 1970
Series:L'autore. Serie libri ; 11
Tags: Add Tag
No Tags, Be the first to tag this record!

MARC

LEADER 00000nam a22000007i 4500
001 IT\ICCU\SBL\0367172
003 ItRI
005 20260115232239.0
008 910930s1970 it |||||| ||||| |||||c
015 |2 IT  |a 703333 
040 |b ita  |c importazione bologna sebina 
041 7 |a ita  |2 ISO-639-2 
082 |a 858.91  |9 MISCELLANEA ITALIANA. SEC. 20.  |2 17 
100 1 |a Coccioli, Carlo,  |d  (1920-2003)  |0 IT\ICCU\CFIV\015859  |4 aut 
240 1 0 |a Documento 127.  |3 IT\ICCU\SBL\0668514  |9 Coccioli, Carlo <1920-2003> 
245 1 0 |a Documento 127 /  |c di Carlo Coccioli. 
246 1 3 |a Documento centoventisette... .  |9 IT\ICCU\SBL\0367173 
260 |a Firenze :  |b Club degli autori,  |c stampa 1970 
300 |a 430 p. ;  |c 21 cm. 
830 2 |a L'autore. Serie libri ;  |v 11  |0 IT\ICCU\RAV\1015050 
942 |2 ddc  |c BK  |n 0 
952 |0 0  |1 0  |4 0  |6 DOC_853_914000000000000_COC  |7 0  |9 22819  |a BO  |b BO  |d 2026-01-15  |i 693  |l 0  |o DOC 853.914 COC  |p BO693  |r 2026-01-15 23:22:39  |w 2026-01-15  |x [Sebina 5] [1 v.]  |y BK  |z 1 v. 
999 |c 19476  |d 19476